000 00428nam a22001217a 4500
999 _c18779
_d18779
008 210210b xxu||||| |||| 00| 0 eng d
050 _aGMB0194
_b.N44 2015 c.1
100 _aNg'eno, Cheptanui Nelly
245 _aEffects of SASRA regulations on returns of SACCOS in north and central rift regions
_cNelly Cheptanui Ng'eno
260 _aKabarak, Nakuru, Kenya
_bKabarak University
_c2015
300 _a69 leaves
942 _2lcc
_cTHE